​ខ្ញុំចង់ដឹងជីវិតរបស់... គន្ធី / (Record no. 3632)

MARC details
000 -LEADER
fixed length control field 01792nam a22002897a 4500
001 - CONTROL NUMBER
control field 3632
003 - CONTROL NUMBER IDENTIFIER
control field FISKH
005 - DATE AND TIME OF LATEST TRANSACTION
control field 20250530113530.0
008 - FIXED-LENGTH DATA ELEMENTS--GENERAL INFORMATION
fixed length control field 240401b cb ||||| |||| 00| 0 eng d
020 ## - INTERNATIONAL STANDARD BOOK NUMBER
International Standard Book Number 9789995054663
040 ## - CATALOGING SOURCE
Original cataloging agency FISKH
Language of cataloging khr
Transcribing agency FISKH
Modifying agency FISKH
050 ## - LIBRARY OF CONGRESS CALL NUMBER
Classification number PZ7
082 ## - DEWEY DECIMAL CLASSIFICATION NUMBER
Classification number 920
100 ## - MAIN ENTRY--PERSONAL NAME
Personal name Labbé, Brigitte.
245 ## - TITLE STATEMENT
Title ​ខ្ញុំចង់ដឹងជីវិតរបស់... គន្ធី /
Statement of responsibility, etc. និពន្ធដោយ Brigitte Labbé និង Michel Puech រូបភាពដោយ Jean-Pierre Joblin.
260 ## - PUBLICATION, DISTRIBUTION, ETC.
Place of publication, distribution, etc. Phnom Penh :
Name of publisher, distributor, etc. Sipar,
Date of publication, distribution, etc. 2007.
300 ## - PHYSICAL DESCRIPTION
Extent 44 pages :
Other physical details color illustrations ;
Dimensions 20 cm
500 ## - GENERAL NOTE
General note ច្បាប់ដើមបានត្រូវបោះពុម្ពផ្សាយក្រោមចំណងជើងថា Gandhi c 2006 Édition Milan
520 ## - SUMMARY, ETC.
Summary, etc. ជនជាតិឥណ្ឌាហៅគាត់ថាមហាត្មៈ ដែលមានន័យថាវិញ្ញាណដ៍ឧត្ដម។ គាត់បានបង្ហាញដល់មនុស្សរាល់រូប នូវអំណាចនៃកំលាំងខាងក្នុងខ្លួនរបស់មនុស្សម្នាក់ៗ នោះជាកំលាំងអហិង្សាមួយដេលអាចផ្លាស់ប្ដូរពិភពលោក។
520 ## - SUMMARY, ETC.
Summary, etc. The Indians call him Mahatma, which means the Supreme Spirit. He showed everyone the power of each person's inner strength, a non-violent force that can change the world.
650 ## - SUBJECT ADDED ENTRY--TOPICAL TERM
Topical term or geographic name entry element អហិង្សា
General subdivision មហាត្មៈ
650 ## - SUBJECT ADDED ENTRY--TOPICAL TERM
Topical term or geographic name entry element Non-violence
General subdivision Mahatma Gandhi
700 ## - ADDED ENTRY--PERSONAL NAME
Personal name Puech, Michel
Relator term Author
700 ## - ADDED ENTRY--PERSONAL NAME
Personal name Joblin, Jean-Pierre
Relator term illustrator
942 ## - ADDED ENTRY ELEMENTS (KOHA)
Source of classification or shelving scheme Dewey Decimal Classification
Koha item type Khmer Books
Suppress in OPAC No
Holdings
Withdrawn status Lost status Source of classification or shelving scheme Damaged status Not for loan Collection Home library Current library Shelving location Date acquired Total Checkouts Full call number Barcode Date last seen Copy number Price effective from Koha item type Date last checked out Total Renewals
    Dewey Decimal Classification     Khmer Non-Fiction / សៀវភៅខ្មែរ រឿងពិត Footprints International School Library Network Toul Kork Campus Footprints International School Library Network Toul Kork Campus TK Old Khmer Books (Rear Hallway Shelf 3) 04/01/2024   LAB 920 PZ7 FISTK03746 04/01/2024 1 04/01/2024 Khmer Books    
    Dewey Decimal Classification     Khmer Non-Fiction / សៀវភៅខ្មែរ រឿងពិត Footprints International School Library Network Toul Kork Campus Footprints International School Library Network Toul Kork Campus TK Old Khmer Books (Rear Hallway Shelf 3) 04/01/2024   LAB 920 PZ7 FISTK03745 04/01/2024 2 04/01/2024 Khmer Books    
    Dewey Decimal Classification     Khmer Non-Fiction / សៀវភៅខ្មែរ រឿងពិត Footprints International School Library Network Toul Kork Campus Footprints International School Library Network Toul Kork Campus TTP Secondary Khmer Bookshelves 04/01/2024 1 LAB 920 PZ7 FISSE02311 03/11/2025 3 04/01/2024 Khmer Books 03/11/2025  
    Dewey Decimal Classification     Khmer Non-Fiction / សៀវភៅខ្មែរ រឿងពិត Footprints International School Library Network Toul Tom Poung Campus Footprints International School Library Network Toul Kork Campus TTP Primary Khmer Bookshelves 04/01/2025 1 LAB 920 PZ7 FISSE02312 12/01/2025 7 04/01/2025 Khmer Books 11/10/2025 1
    Dewey Decimal Classification     Khmer Non-Fiction / សៀវភៅខ្មែរ រឿងពិត Footprints International School Library Network Toul Tom Poung Campus Footprints International School Library Network Toul Tom Poung Campus TTP Primary Khmer Bookshelves 04/01/2024 1 LAB 920 PZ7 FIS04130 03/11/2025 4 04/01/2024 Khmer Books 03/11/2025  
    Dewey Decimal Classification     Khmer Non-Fiction / សៀវភៅខ្មែរ រឿងពិត Footprints International School Library Network Toul Tom Poung Campus Footprints International School Library Network Toul Tom Poung Campus TTP Primary Khmer Bookshelves 04/01/2025   LAB 920 PZ7 FISSE02455 04/01/2025 5 04/01/2025 Khmer Books    
    Dewey Decimal Classification     Khmer Non-Fiction / សៀវភៅខ្មែរ រឿងពិត Footprints International School Library Network Toul Tom Poung Campus Footprints International School Library Network Toul Tom Poung Campus TTP Secondary Khmer Bookshelves 04/01/2025   LAB 920 PZ7 FISSE02310 04/01/2025 6 04/01/2025 Khmer Books    
    Dewey Decimal Classification     Khmer Non-Fiction / សៀវភៅខ្មែរ រឿងពិត Footprints International School Library Network Toul Tom Poung Campus Footprints International School Library Network Toul Tom Poung Campus TTP Secondary Khmer Bookshelves 04/01/2025 1 LAB 920 PZ7 FISSE02309 03/31/2026 8 04/01/2025 Khmer Books 03/02/2026